000 004310000a22001450004500
020 _a0-8423-1023-1
082 0 4 _aDI CT T238g
100 1 _aTaylor, Kenneth N.
245 1 0 _aGigant steps for little people / Kenneth N. Taylor ; MarkD. Taylor; ilustraciones Kathryn E. Shoemaker
260 _aUSA : Tyndale House Publisher, inc.
300 _a(60 P.)
650 1 4 _aLiteratura infantil estadounidense
001 1820
942 _cLGB
999 _c48975
_d48975